Central Library OPAC University of Rajshahi

Function and structure in micro-organisms : (Record no. 72581)

MARC details
000 -LEADER
fixed length control field 00947nam a2200241 a 4500
001 - CONTROL NUMBER
control field 72581
003 - CONTROL NUMBER IDENTIFIER
rucl marc code BD-RjUL
005 - DATE AND TIME OF LATEST TRANSACTION
control field 20211209082259.0
008 - FIXED-LENGTH DATA ELEMENTS--GENERAL INFORMATION
fixed length control field 170521s1965 enkaf b 101 0 eng d
035 ## - SYSTEM CONTROL NUMBER
System control number (BD-RjUL)72799
040 ## - CATALOGING SOURCE
Original cataloging agency IAI
Transcribing agency YSM
Modifying agency BD-RjUL
Language of cataloging eng
041 ## - LANGUAGE CODE
Language code of text/sound track or separate title eng
082 04 - DEWEY DECIMAL CLASSIFICATION NUMBER
Classification number 579
Edition number 23
Author mark and year FUN 1966
090 ## - LOCALLY ASSIGNED LC-TYPE CALL NUMBER (OCLC); LOCAL CALL NUMBER (OCLC)
Classification number (OCLC) (R) ; Classification number, CALL (RLIN) (NR) QR1
Local cutter number (OCLC) ; Book number/undivided call number, CALL (RLIN) .S6233 no.15
245 00 - TITLE STATEMENT
Title Function and structure in micro-organisms :
Remainder of title fifteenth symposium of the Society for General Microbiology held at the Middlesex Hospital, London, April, 1965 /
Statement of responsibility, etc. Edited by M.R. Pollock and M.H. Richmond
260 ## - PUBLICATION, DISTRIBUTION, ETC. (IMPRINT)
Place of publication, distribution, etc. Cambridge :
Name of publisher, distributor, etc. Published for the Society for General Microbiology at the University Press,
Date of publication, distribution, etc. 1965.
300 ## - PHYSICAL DESCRIPTION
Pagination xii, 405 p. :
Illustrations ill. ;
Size 25 cm.
504 ## - BIBLIOGRAPHY, ETC. NOTE
Bibliography, etc Includes bibliographical references and index.
650 #0 - SUBJECT ADDED ENTRY--TOPICAL TERM
Topical term or geographic name as entry element Microorganisms
General subdivision Physiology
Form subdivision Congresses.
9 (RLIN) 214698
700 1# - ADDED ENTRY--PERSONAL NAME
Personal name Pollock, Martin.
Personal name Richmond, Mark,
Dates associated with a name 1931-
942 ## - ADDED ENTRY ELEMENTS (KOHA)
Source of classification or shelving scheme Dewey Decimal Classification
Koha item type Books
Holdings
Lost status Source of classification or shelving scheme Damaged status Not for loan Collection code Permanent Location Current Location Shelving location Date acquired Source of acquisition Cost, normal purchase price Total Checkouts Full call number Date last seen Copy number Koha item type
  Dewey Decimal Classification   Not For Loan Non-fiction Central Library, University of Rajshahi Central Library, University of Rajshahi Reading Room 05/11/1969 Sweet & Zeitlinger 70.00   579 FUN 1966 21/05/2017 C-1 Books